000 00298nam a22001337a 4500
008 180216b xxu||||| |||| 00| 0 eng d
020 _a9780761917243
041 _aeng
080 _a371
100 _a46
101 _aEDU
245 _aThe Art&Craft of Case Writing
_cNaumes, W
942 _2udc
_cBK
999 _c42809
_d42809